Statistics for American Football Positions - Map Quiz

Click here to take the quiz!

General Stats

  • This quiz has been taken 916 times
  • The average score is 10 of 13

Answers on the Map

Answers color-coded by a green-red scale on the quiz's map according to % correct below.
 

Answer Stats

Answer% Correct
Center
87%
Wide receiver
84%
Quarterback
82%
Running back
82%
Tight end
82%
Safety
78%
Cornerback
75%
Outside linebacker
75%
Defensive tackle
74%
Middle linebacker
74%
Guard
71%
Offensive tackle
68%
Defensive end
67%

Score Distribution

Percentile by Number Answered

Percent of People with Each Score

Your Score History

You have not taken this quiz